000 00210nam a2200085Ia 4500
008 120527s9999 xx 000 0 und d
100 _aErickson, T.
245 _aBehaviour of children and adolescents
942 _cBK
999 _c27505
_d27505